Normal view
MARC view
- Dunn, Virginia / م.مشارك Veronica Lachkovic
Entry Personal Name
001 - CONTROL NUMBER
- control field: 1695
003 - CONTROL NUMBER IDENTIFIER
- control field: JO-AjAnu
005 - DATE AND TIME OF LATEST TRANSACTION
- control field: 20230606070600.0
008 - FIXED-LENGTH DATA ELEMENTS
- fixed length control field: 230606|| aca||aabn | a|a d
040 ## - CATALOGING SOURCE
- Original cataloging agency: JO-AjAnu
- Transcribing agency: JO-AjAnu
100 ## - HEADING--PERSONAL NAME
- Personal name: Dunn, Virginia / م.مشارك Veronica Lachkovic
670 ## - SOURCE DATA FOUND
- Source citation: Work cat.: (JO-AjAnu)893: Dunn, Virginia / م.مشارك Veronica Lachkovic, author, Family law in practice